| 000 | 00952cam a2200277 a 4500 | ||
|---|---|---|---|
| 001 | 016111285 | ||
| 003 | OSt | ||
| 005 | 20150407153852.0 | ||
| 008 | 130222r20142013stka f 000 0 eng d | ||
| 020 | _a9780702043390 | ||
| 040 |
_aStDuBDS _beng _cStDuBDS _dStEdNL _dEG-ScBUE |
||
| 082 | 0 | 0 |
_a612.63076 _bRAN _222 |
| 100 | 1 |
_aRankin, Jean, _d1953- _936410 |
|
| 245 | 1 | 0 |
_aMyles midwifery : _banatomy and physiology workbook / _cJean Rankin. |
| 246 | 3 | 0 | _aAnatomy and physiology workbook |
| 260 |
_aEdinburgh : _bChurchill Livingstone / Elsevier, _c2014. |
||
| 300 |
_avi, 238 p. : _bill. ; _c28 cm. |
||
| 500 | _aReprint of the 2013 ed. | ||
| 650 | 0 |
_aWomen _xPhysiology _vProblems, exercises, etc. _936411 |
|
| 650 | 0 |
_aPregnancy _vProblems, exercises, etc. _936415 |
|
| 650 | 0 |
_aChildbirth _vProblems, exercises, etc. _936413 |
|
| 650 | 0 |
_aMidwifery. _936414 |
|
| 653 |
_bNNUR _cApril2015 |
||
| 655 |
_vreading book _934232 |
||
| 942 |
_2ddc _k612.63076 RAN |
||
| 999 |
_c19172 _d19144 |
||